| 000 | 00766nam a2200253 a 4500 | ||
|---|---|---|---|
| 005 | 20200104041538.0 | ||
| 008 | 140310b1996 pe ||||| |||| 00| 0 spa d | ||
| 040 |
_aCO-BoIAVH _cCO-BoIAVH |
||
| 041 | _aspa | ||
| 044 | _ape | ||
| 090 |
_aLB _b02834 |
||
| 100 |
_aVillachica, Hugo _918366 |
||
| 245 | _aFrutales y hortalizas promisorios de la Amazonia | ||
| 260 |
_aLima _bTCA _bFAO _bDGIS _bPNUD _bICRAF _bCAF _bPNUMA _bIICA _bGTZ _bUNAMAZ _c1996 |
||
| 300 | _a367 p. | ||
| 650 |
_aAgricultura sostenible _9210 |
||
| 650 |
_aUso sostenible _9344 |
||
| 650 |
_aEspecies promisorias _94674 |
||
| 650 |
_aMétodos de cultivo _97421 |
||
| 650 |
_aFrutales nativos _918369 |
||
| 650 |
_aHortalizas nativas _918370 |
||
| 650 |
_aCuenca amazónica _94717 |
||
| 942 |
_cINFORME _2z |
||
| 999 |
_c3068 _d3068 |
||